Normal view
MARC view
- DEINUM,MARTEN
Entry Personal Name
001 - CONTROL NUMBER
- control field: 91824
003 - CONTROL NUMBER IDENTIFIER
- control field: NUST
005 - DATE AND TIME OF LATEST TRANSACTION
- control field: 20220524161325.0
008 - FIXED-LENGTH DATA ELEMENTS
- fixed length control field: 220524|| aca||aabn | a|a d
040 ## - CATALOGING SOURCE
- Original cataloging agency: NUST
- Transcribing agency: NUST
100 ## - HEADING--PERSONAL NAME
- Personal name: DEINUM,MARTEN
670 ## - SOURCE DATA FOUND
- Source citation: Work cat.: (NUST): DEINUM,MARTEN., SPRING 5 RECIPES A PROBLEM SOLUTION APPROACH /, 2017.
